000 00655nam a2200181Ia 4500
008 090123s9999 xx 000 0 und d
082 _b13624
_a891.463/जावडे
100 _aजावडेकर मधुकर
245 _aघर राहीले दुर-झपुर्झा
250 _a1
260 _bस्मिता प्रकाशन
300 _a252
600 _aजावडेकर मधुकर
630 _aघर राहीले दुर-झपुर्झा
700 _aजावडेकर मधुकर
730 _aघर राहीले दुर-झपुर्झा
942 _cBOOK
999 _c51687
_d51687